[Event "Stein am Rhein op 12th"]
[Site "Stein am Rhein"]
[Date "2021.11.06"]
[Round "3"]
[White "Matei, Robert"]
[Black "Begdullayev, Tamerlan"]
[Result "1-0"]
[WhiteElo "1750"]
[BlackElo "1512"]
[PlyCount "35"]
[EventDate "2021.11.05"]
[EventType "swiss"]
[EventRounds "5"]
[EventCountry "SUI"]
[SourceTitle "EXT 2023"]
[Source "ChessBase"]
[SourceDate "2022.10.05"]
[SourceVersion "1"]
[SourceVersionDate "2022.10.05"]
[SourceQuality "1"]

1. c4 c6 2. g3 e5 3. Nf3 e4 4. Nd4 d5 5. d3 c5 6. Nc2 dxc4 7. dxc4 Qxd1+ 8. Kxd1 Nf6 9. Bg2 Nc6 10. Nba3 Be6 11. f4 0-0-0+ 12. Ke1 Nb4 13. Ne3 a6 14. f5 Bd7 15. Nac2 Bc6 16. a3 Nd3+ 17. exd3 Rxd3 18. Ke2 1-0

[Event "Davos op 20th"]
[Site "Davos"]
[Date "2021.06.11"]
[Round "1"]
[White "Begdullayev, Tamerlan"]
[Black "Mattenberger, Matthias"]
[Result "0-1"]
[WhiteElo "1448"]
[BlackElo "1938"]
[PlyCount "70"]
[EventDate "2021.06.11"]
[EventType "swiss"]
[EventRounds "5"]
[EventCountry "SUI"]
[SourceTitle "CBM 203 Extra"]
[Source "ChessBase"]
[SourceDate "2021.09.30"]
[SourceVersion "1"]
[SourceVersionDate "2021.09.30"]
[SourceQuality "1"]

1. d4 Nf6 2. c4 g6 3. Nc3 d5 4. e3 Bg7 5. Nf3 c5 6. dxc5 Qa5 7. Bd2 dxc4 8. Bxc4 Qxc5 9. Qb3 0-0 10. 0-0 Nc6 11. Na4 Qh5 12. Rfd1 Ne4 13. Be1 Ng5 14. Nxg5 Qxg5 15. Rd5 e5 16. Rad1 Bg4 17. R1d2 Bf3 18. Bf1 Bxd5 19. Rxd5 Qe7 20. Nc5 b6 21. Bb5 bxc5 22. Bxc6 Rab8 23. Qa3 Rb6 24. Ba4 e4 25. b3 Rc8 26. h3 Bf8 27. Rd7 Qe5 28. Rxa7 Qa1 29. Kf1 c4 30. Re7 Qf6 31. Bb4 Rxb4 32. Qxb4 Bxe7 33. Qd2 Qa1+ 34. Ke2 c3 35. Qd7 Rd8 0-1

[Event "Zuerich Christmas op 44th"]
[Site "Tornelo INT"]
[Date "2020.12.27"]
[Round "2"]
[White "Begdullayev, Tamerlan"]
[Black "Chockalingam, Krithik"]
[Result "1/2-1/2"]
[WhiteElo "1448"]
[BlackElo "1622"]
[PlyCount "104"]
[EventDate "2020.12.26"]
[EventType "swiss"]
[EventRounds "7"]
[EventCountry "SUI"]
[SourceTitle "CBM 200 Extra"]
[Source "ChessBase"]
[SourceDate "2021.03.31"]
[SourceVersion "1"]
[SourceVersionDate "2021.03.31"]
[SourceQuality "1"]

1. e4 c6 2. d4 d5 3. exd5 cxd5 4. Nc3 Nf6 5. Nf3 Bf5 6. Bf4 e6 7. h3 Bd6 8. Bxd6 Qxd6 9. g4 Bg6 10. Qe2 Nc6 11. a3 Ne4 12. Nxe4 Bxe4 13. Bg2 Bxf3 14. Qxf3 Nxd4 15. Qd3 Qe5+ 16. Kd2 0-0-0 17. Rhf1 Nc6 18. f4 Qd4 19. Qxd4 Nxd4 20. Rae1 Nc6 21. f5 e5 22. f6 g5 23. Rf5 h6 24. Kc1 Rhe8 25. c4 e4 26. Rxd5 e3 27. Rc5 Rd6 28. Bxc6 bxc6 29. Ra5 Kb7 30. Rf5 Rd4 31. c5 Rf4 32. b4 Ka6 33. Kb2 Kb5 34. Kb3 Rxf5 35. gxf5 h5 36. Kc3 g4 37. hxg4 hxg4 38. Kd3 Ka4 39. Rxe3 Rxe3+ 40. Kxe3 a5 41. bxa5 Kxa5 42. Kf4 Kb5 43. Kxg4 Kxc5 44. Kh5 Kd6 45. Kh6 c5 46. Kg7 c4 47. Kxf7 c3 48. Kg8 c2 49. f7 c1Q 50. f8Q+ Ke5 51. f6 Qg5+ 52. Qg7 Qxf6 1/2-1/2